<?xml version="1.0" encoding="UTF-8"?><?xml-stylesheet type="text/xsl" href="static/style.xsl"?><OAI-PMH xmlns="http://www.openarchives.org/OAI/2.0/" xmlns:xsi="http://www.w3.org/2001/XMLSchema-instance" xsi:schemaLocation="http://www.openarchives.org/OAI/2.0/ http://www.openarchives.org/OAI/2.0/OAI-PMH.xsd"><responseDate>2026-04-18T01:30:18Z</responseDate><request verb="GetRecord" identifier="oai:www.recercat.cat:20.500.12327/3042" metadataPrefix="marc">https://recercat.cat/oai/request</request><GetRecord><record><header><identifier>oai:recercat.cat:20.500.12327/3042</identifier><datestamp>2025-10-22T11:32:54Z</datestamp><setSpec>com_2072_4428</setSpec><setSpec>com_2072_4427</setSpec><setSpec>col_2072_487898</setSpec></header><metadata><record xmlns="http://www.loc.gov/MARC21/slim" xmlns:dcterms="http://purl.org/dc/terms/" xmlns:xsi="http://www.w3.org/2001/XMLSchema-instance" xmlns:doc="http://www.lyncode.com/xoai" xsi:schemaLocation="http://www.loc.gov/MARC21/slim http://www.loc.gov/standards/marcxml/schema/MARC21slim.xsd">
   <leader>00925njm 22002777a 4500</leader>
   <datafield ind2=" " ind1=" " tag="042">
      <subfield code="a">dc</subfield>
   </datafield>
   <datafield ind2=" " ind1=" " tag="720">
      <subfield code="a">Rodríguez-Moreno, Luis</subfield>
      <subfield code="e">author</subfield>
   </datafield>
   <datafield ind2=" " ind1=" " tag="720">
      <subfield code="a">González, Víctor M.</subfield>
      <subfield code="e">author</subfield>
   </datafield>
   <datafield ind2=" " ind1=" " tag="720">
      <subfield code="a">Benjak, Andrej</subfield>
      <subfield code="e">author</subfield>
   </datafield>
   <datafield ind2=" " ind1=" " tag="720">
      <subfield code="a">Martí, M. Carmen</subfield>
      <subfield code="e">author</subfield>
   </datafield>
   <datafield ind2=" " ind1=" " tag="720">
      <subfield code="a">Puigdomènech, Pere</subfield>
      <subfield code="e">author</subfield>
   </datafield>
   <datafield ind2=" " ind1=" " tag="720">
      <subfield code="a">Aranda, Miguel A.</subfield>
      <subfield code="e">author</subfield>
   </datafield>
   <datafield ind2=" " ind1=" " tag="720">
      <subfield code="a">Garcia-Mas, Jordi</subfield>
      <subfield code="e">author</subfield>
   </datafield>
   <datafield ind2=" " ind1=" " tag="260">
      <subfield code="c">2011-08-20</subfield>
   </datafield>
   <datafield ind2=" " ind1=" " tag="520">
      <subfield code="a">Background: The melon belongs to the Cucurbitaceae family, whose economic importance among vegetable&#xd;
crops is second only to Solanaceae. The melon has a small genome size (454 Mb), which makes it suitable for&#xd;
molecular and genetic studies. Despite similar nuclear and chloroplast genome sizes, cucurbits show great variation&#xd;
when their mitochondrial genomes are compared. The melon possesses the largest plant mitochondrial genome,&#xd;
as much as eight times larger than that of other cucurbits.&#xd;
Results: The nucleotide sequences of the melon chloroplast and mitochondrial genomes were determined. The&#xd;
chloroplast genome (156,017 bp) included 132 genes, with 98 single-copy genes dispersed between the small&#xd;
(SSC) and large (LSC) single-copy regions and 17 duplicated genes in the inverted repeat regions (IRa and IRb). A&#xd;
comparison of the cucumber and melon chloroplast genomes showed differences in only approximately 5% of&#xd;
nucleotides, mainly due to short indels and SNPs. Additionally, 2.74 Mb of mitochondrial sequence, accounting for&#xd;
95% of the estimated mitochondrial genome size, were assembled into five scaffolds and four additional&#xd;
unscaffolded contigs. An 84% of the mitochondrial genome is contained in a single scaffold. The gene-coding&#xd;
region accounted for 1.7% (45,926 bp) of the total sequence, including 51 protein-coding genes, 4 conserved ORFs,&#xd;
3 rRNA genes and 24 tRNA genes. Despite the differences observed in the mitochondrial genome sizes of cucurbit&#xd;
species, Citrullus lanatus (379 kb), Cucurbita pepo (983 kb) and Cucumis melo (2,740 kb) share 120 kb of sequence,&#xd;
including the predicted protein-coding regions. Nevertheless, melon contained a high number of repetitive&#xd;
sequences and a high content of DNA of nuclear origin, which represented 42% and 47% of the total sequence,&#xd;
respectively.&#xd;
Conclusions: Whereas the size and gene organisation of chloroplast genomes are similar among the cucurbit&#xd;
species, mitochondrial genomes show a wide variety of sizes, with a non-conserved structure both in gene&#xd;
number and organisation, as well as in the features of the noncoding DNA. The transfer of nuclear DNA to the&#xd;
melon mitochondrial genome and the high proportion of repetitive DNA appear to explain the size of the largest&#xd;
mitochondrial genome reported so far.</subfield>
   </datafield>
   <datafield ind1="8" ind2=" " tag="024">
      <subfield code="a">MEC/Programa nacional de medios de transporte/CSD2007-00036/ES/Centro de Genómica Básica y de orientación Agroalimentaria/</subfield>
   </datafield>
   <datafield ind1="8" ind2=" " tag="024">
      <subfield code="a">1471-2164</subfield>
   </datafield>
   <datafield ind1="8" ind2=" " tag="024">
      <subfield code="a">http://hdl.handle.net/20.500.12327/3042</subfield>
   </datafield>
   <datafield ind1="8" ind2=" " tag="024">
      <subfield code="a">https://doi.org/10.1186/1471-2164-12-424</subfield>
   </datafield>
   <datafield ind2="0" ind1="0" tag="245">
      <subfield code="a">Determination of the melon chloroplast and mitochondrial genome sequences reveals that the largest reported mitochondrial genome in plants contains a significant amount of DNA having a nuclear origin</subfield>
   </datafield>
</record></metadata></record></GetRecord></OAI-PMH>